Adventures of a Bystander

Uloženo v:
Podrobná bibliografie
Hlavní autor: Drucker, Peter F.
Médium: Kniha
Jazyk:Undetermined
Vydáno: New York Harper & Row 1979
Témata:
Tagy: Přidat tag
Žádné tagy, Buďte první, kdo otaguje tento záznam!
Thư viện lưu trữ: Trung tâm Học liệu Trường Đại học Cần Thơ
LEADER 00523nam a2200205Ia 4500
001 CTU_85293
008 210402s9999 xx 000 0 und d
082 |a 658.4 
082 |b D794 
100 |a Drucker, Peter F. 
245 0 |a Adventures of a Bystander 
245 0 |c Peter F. Drucker 
260 |a New York 
260 |b Harper & Row 
260 |c 1979 
650 |a Social scientists 
650 |x Biography 
650 |z United states 
904 |i Năm 
980 |a Trung tâm Học liệu Trường Đại học Cần Thơ